01890cam a22004334i 4500003000900000005001700009008004100026020001500067035002700082040003300109082002000142100004300162245013000205250001800335264004800353300005500401336002100456337002500477338002300502500002900525504004200554505066700596526001001263526001001273526000901283526000901292526000901301526000901310526000901319526000901328526000901337526000801346526000801354526000801362526000801370526000801378650003601386700003401422PE-LiUPU20250731165556.0150625s2004 bo a rb 000 0 spa d a9990577544 a(Sirsi) i9789990577549 aPE-LiUPUbspacPE-LiUPUerda04a001.41bA452211 aÁlvarez de Zayas, Carlos M.,eautor.13aLa solución de problemas profesionales :bMetodología de la investigación científica /cCarlos M. Álvarez de Zayas. a4a edición. 1aCochabamba :bGrupo Editorial Kipus,c2004. a232 páginas :bilustraciones ;c24 centímetros atext2rdacontent aunmediated2rdamedia avolume2rdacarrier a"Glosario" ; p. 211-232. aIncluye referencias bibliográficas.0 aLa solución de problemas profesionales -- El proceso de la investigación científica -- La precisión de lo que investigo o componentes de estado del PIC -- Como investigo, o componentes operacionales del PIC -- El desarrollo de la investigación: caracterización del objeto de la investigación y elaboración de los documentos -- Etapa facto-Perceptible del PIC: elaboración del perfil de tesis -- Etapa esencial del PIC: elaboración de modelo teórico del objeto de la investigción -- Etapa final: el regreso a la práctica y el despliegue final de la investigación -- Epistemología del PIC -- Generalización epistemológica del PIC. aSEG44 aSEG26 aP151 aP150 aP149 aP146 aP145 aP126 aP125 aP92 aP75 aP74 aP27 aP1504aInvestigaciónxMetodología.1 aSierra Lombardía, Virginia.